• 首页
  • 本馆介绍
  • 公告通知
  • 最新文献
  • 馆藏检索
  • 电子资源
  • 读者导购
  • 参考咨询
  • 我的图书馆
  • 登录
  • 详细信息显示
  • 放入我的书架
  • 预约/预借图书
  • 作者相关作品
  • 分类相关作品
  • 丛书相关作品
  • 出版社相关作品

书目信息

  • 表格格式
  • 工作单格式
  • 卡片格式
题名:
怎么办?
    
 
作者: 列宁 著 ;中共中央马克思恩格斯列宁斯大林著作编译局 译
分册:  
出版信息: 北京   人民出版社  1965
页数: 188页
开本: 21cm
丛书名:
单 册:
中图分类: A221.2
科图分类:
主题词: 列宁著作--单行本
电子资源:
ISBN: 1001.462
000 00773nam0 2200241 450
001 0171000069
005 20100713171908.0
010    @a1001.462@dCNY0.52
091    @a1001.462@dCNY0.52
100    @a20080825d1965 em y0chiy0121 ea
101 1  @achi@crus
102    @aCN@b110000
105    @ay z 000yy
106    @ar
200 1  @a怎么办?@9Zen Me;Ma Ban ? @f列宁著@g中共中央马克思恩格斯列宁斯大林著作编译局译
210    @a北京@c人民出版社@d1965
215    @a188页@d21cm
606 0  @a列宁著作@x单行本
690    @aA221.2@v3
701  1 @a列宁@9lie ning@4著
712 02 @a中共中央马克思恩格斯列宁斯大林著作编译局@9zhong gong zhong yang ma ke si en ge si lie ning si da lin zhu zuo bian yi ju@4译
801  0 @aCN@bAzMarc@c20130904
905    @aBZT@dA22@e548@f4@sA22/548
    
    怎么办?/列宁著/中共中央马克思恩格斯列宁斯大林著作编译局译.-北京:人民出版社,1965
    188页;21cm
    
    
    ISBN 1001.462:CNY0.52
    
●
相关链接 在五车中查询图书 在当当中查询图书 在豆瓣中查询图书


正题名:怎么办?     索取号:A22/548         预约/预借

序号 登录号 条形码 馆藏地/架位号 状态 备注
1 2000100470   2000100470   旧书回溯/ [索取号:A22/548] 在馆    
2 2000100486   2000100486   旧书回溯/ [索取号:A22/548] 在馆    
3 2000100487   2000100487   旧书回溯/ [索取号:A22/548] 在馆    
4 2000100488   2000100488   旧书回溯/ [索取号:A22/548] 在馆    
山东省滨州职业学院图书馆 欢迎您!
大连网信软件有限公司© 版权所有